[Event "King of the Hill: King of the Hill Test Tournament"]
[Site "SchemingMind.com"]
[Date "2022.01.18"]
[Round "-"]
[White "DANDYLIONHONEYBADGER"]
[Black "emakis"]
[Result "0-1"]
[WhiteCountry "USA"]
[BlackCountry "GRE"]
[WhiteElo "1484"]
[WhiteRD "128"]
[BlackElo "1807"]
[BlackRD "126"]
[GameID "719666"]

1. d4 d5 2. Nc3 Nf6 3. Bg5 Nbd7 4. Bxf6 Nxf6 5. Nf3 c6 6. Ne5 Bf5 7. h3 h6 8. g4 Bh7 9. Bg2 e6 10. a3 Be7
11. e4 dxe4 12. O-O O-O 13. f3 c5 14. fxe4 Qxd4+ 15. Qxd4 cxd4 16. Ne2 Rad8 17. c3 d3 18. Nd4 Nxe4 19. Bxe4 Bxe4 20. Rf4 Bh7
21. Kf2 Rd5 22. Ke3 Rxe5+ 23. Kd2 Bg5 24. Rf1 Rd8 25. h4 Bxf4+ 26. Rxf4 g5 27. Nf3 Re2+ 28. Kd1 gxf4 29. Nd4 Rxb2 30. Kc1 Rg2
31. Nf3 d2+ 32. Kd1 Bc2+
0-1

[Event "King of the Hill: King of the Hill Test Tournament"]
[Site "SchemingMind.com"]
[Date "2022.01.18"]
[Round "-"]
[White "Diadoco"]
[Black "DANDYLIONHONEYBADGER"]
[Result "1-0"]
[WhiteCountry "MEX"]
[BlackCountry "USA"]
[WhiteElo "1645"]
[WhiteRD "140"]
[BlackElo "1534"]
[BlackRD "193"]
[GameID "719667"]

1. e4 d5 2. exd5 Qxd5 3. Nc3 Qe5+ 4. Be2 Kd7 5. Nf3 Kd6 6. d4 Qa5 7. Bf4+ e5 8. dxe5+ Ke6 9. Bc4+ Ke7 10. O-O Be6
11. Bg5+ f6 12. exf6+ gxf6 13. Re1 fxg5 14. Rxe6+ Kf7 15. Re5+ Kf6 16. Rxa5 Nc6 17. Qd5 g4 18. Qf7#
1-0

[Event "King of the Hill: King of the Hill Test Tournament"]
[Site "SchemingMind.com"]
[Date "2022.01.19"]
[Round "-"]
[White "j4orce"]
[Black "DANDYLIONHONEYBADGER"]
[Result "1-0"]
[WhiteCountry "USA"]
[BlackCountry "USA"]
[WhiteElo "1635"]
[WhiteRD "116"]
[BlackElo "1460"]
[BlackRD "126"]
[GameID "719668"]

1. d4 Nc6 2. e4 e6 3. Bd3 Nxd4 4. Bf4 g5 5. Be5 c5 6. c3 f6 7. cxd4 fxe5 8. Qh5+ Ke7 9. Qxg5+ Nf6 10. Qxe5 d6
11. Qf4 d5 12. Ke2 cxd4 13. e5 Bg7 14. Qxd4 Qb6 15. Nf3 Qxd4 16. Nxd4 Ng4 17. f4 Bxe5 18. fxe5 Nxe5 19. Be4 Kd6 20. Nb5+ Kc5
21. Rc1+ Kxb5 22. Ke3 Nc6 23. Rxc6 e5 24. Bxd5 Bf5 25. Nc3+ Ka5 26. b4+ Kxb4 27. Rb1+
1-0

[Event "King of the Hill: King of the Hill Test Tournament"]
[Site "SchemingMind.com"]
[Date "2022.01.19"]
[Round "-"]
[White "David Perna-Fraser"]
[Black "DANDYLIONHONEYBADGER"]
[Result "1-0"]
[WhiteCountry "CAN"]
[BlackCountry "USA"]
[WhiteElo "1719"]
[WhiteRD "124"]
[BlackElo "1484"]
[BlackRD "128"]
[GameID "719669"]

1. e4 Nf6 2. e5 d5 3. exf6 exf6 4. d4 c5 5. Bb5+ Bd7 6. Qe2+ Qe7 7. a4 Qxe2+ 8. Nxe2 Bc6 9. Nf4 Bxb5 10. axb5 cxd4
11. Ke2 Kd7 12. Kd3 Bc5 13. Re1 Kd6 14. b4 Nc6 15. bxc6 Rhe8 16. bxc5+
1-0

[Event "King of the Hill: King of the Hill Test Tournament"]
[Site "SchemingMind.com"]
[Date "2022.01.18"]
[Round "-"]
[White "Abstract Actuary"]
[Black "DANDYLIONHONEYBADGER"]
[Result "1-0"]
[WhiteCountry "USA"]
[BlackCountry "USA"]
[WhiteElo "1732"]
[WhiteRD "139"]
[BlackElo "1534"]
[BlackRD "193"]
[GameID "719670"]

1. e4 d5 2. exd5 Qxd5 3. Nc3 Qe6+ 4. Qe2 Kd7 5. Qxe6+ Kxe6 6. f4 g5 7. d4 gxf4 8. Bxf4 Nf6 9. Bc4+ Kf5 10. Nge2 Be6
11. Bd3+ Ne4 12. Bxe4+ Kf6 13. Be5+ Kg5 14. Bxh8 Bg4 15. h4+ Kh6 16. Kf2
1-0

[Event "King of the Hill: King of the Hill Test Tournament"]
[Site "SchemingMind.com"]
[Date "2022.01.19"]
[Round "-"]
[White "DANDYLIONHONEYBADGER"]
[Black "Thomas Jacob Kelly"]
[Result "0-1"]
[WhiteCountry "USA"]
[BlackCountry "USA"]
[WhiteElo "1484"]
[WhiteRD "128"]
[BlackElo "1858"]
[BlackRD "128"]
[GameID "719671"]

1. d4 d5 2. Nc3 Bf5 3. f3 Nf6 4. g4 Bg6 5. Bg5 e6 6. Bxf6 Qxf6 7. Nh3 Bb4 8. g5 Qe7 9. Kf2 c5 10. e4 Nc6
11. Nf4 cxd4 12. Ncxd5 exd5 13. Nxd5 Qc5 14. c4 dxc3+ 15. Ke2 c2 16. Qd3 Nd4+ 17. Ke3 Rd8 18. Qxd4 Bd2+ 19. Kd3 Rxd5 20. Qxd5 Qxd5+
21. Kxc2 Kd7 22. Rd1 Kd6 23. f4 Qxe4+
0-1

[Event "King of the Hill: King of the Hill Test Tournament"]
[Site "SchemingMind.com"]
[Date "2022.01.19"]
[Round "-"]
[White "DANDYLIONHONEYBADGER"]
[Black "Arnold Jones"]
[Result "1-0"]
[WhiteCountry "USA"]
[BlackCountry "ENG"]
[WhiteElo "1534"]
[WhiteRD "193"]
[BlackElo "1230"]
[BlackRD "136"]
[GameID "719673"]

1. d4 d5 2. Nc3 Nf6 3. Bg5 Nc6 4. Bxf6 exf6 5. e4 Be6 6. Bc4 Bb4 7. exd5 Bxd5 8. Bxd5 Bxc3+ 9. bxc3 Qxd5 10. Ne2 Qxg2
11. Kd2 Nxd4 12. Kd3 Nxe2 13. Qxe2+
1-0

[Event "King of the Hill: King of the Hill Test Tournament"]
[Site "SchemingMind.com"]
[Date "2022.01.18"]
[Round "-"]
[White "DANDYLIONHONEYBADGER"]
[Black "geekknight"]
[Result "0-1"]
[WhiteCountry "USA"]
[BlackCountry "NED"]
[WhiteElo "1530"]
[WhiteRD "149"]
[BlackElo "1823"]
[BlackRD "143"]
[GameID "719674"]

1. d4 d5 2. Nc3 Nf6 3. Bg5 c5 4. Bxf6 exf6 5. e3 Be6 6. f4 Nc6 7. Bb5 Rc8 8. dxc5 Bxc5 9. a3 O-O 10. Bxc6 bxc6
11. Ke2 Re8 12. Nf3 Bg4 13. h3 Rxe3+ 14. Kf2 Rxf3+ 15. Ke1 Qe7+ 16. Ne2 Re8 17. gxf3 Bxf3 18. Rh2 Bg1 19. Kd2 Qe3+ 20. Ke1 Bxh2
21. Qd3 Qxe2+ 22. Qxe2 Rxe2+ 23. Kf1 Bg3 24. Rd1 Rxc2 25. Kg1 Bxd1
0-1

[Event "King of the Hill: King of the Hill Test Tournament"]
[Site "SchemingMind.com"]
[Date "2022.01.15"]
[Round "-"]
[White "surfnsuds"]
[Black "*chessnut*"]
[Result "1-0"]
[WhiteCountry "USA"]
[BlackCountry "FRA"]
[WhiteElo "1365"]
[WhiteRD "154"]
[BlackElo "1216"]
[BlackRD "130"]
[GameID "719716"]

1. d4 e6 2. Kd2 c5 3. Kd3 d5 4. b4 a5 5. b5 c4+ 6. Ke3 Be7 7. Nc3 b6 8. Nf3 f5 9. g4 h6 10. Rg1 Qc7
11. Ne5 Bd6 12. gxf5 Bxe5 13. f4 Bxf4+ 14. Kf3 e5 15. Nxd5 Qb7 16. Ke4
1-0

[Event "King of the Hill: King of the Hill Test Tournament"]
[Site "SchemingMind.com"]
[Date "2022.01.15"]
[Round "-"]
[White "*chessnut*"]
[Black "Manfred Kraut"]
[Result "1-0"]
[WhiteCountry "FRA"]
[BlackCountry "GER"]
[WhiteElo "1216"]
[WhiteRD "130"]
[BlackElo "1252"]
[BlackRD "149"]
[GameID "719717"]

1. d4 d5 2. b3 g6 3. e3 Bg7 4. Nf3 Nf6 5. Nc3 O-O 6. Bd3 Nbd7 7. h3 b6 8. e4 dxe4 9. Nxe4 Bb7 10. Qe2 Nxe4
11. Bxe4 Bxe4 12. Qxe4 Nf6 13. Qd3 Rc8 14. c4 c5 15. Ke2 Qd7 16. Ne5 Qb7 17. f3 Rfd8 18. Bb2 Nh5 19. Ke3 Bxe5 20. d5 Ng3
21. Bxe5
1-0

[Event "King of the Hill: King of the Hill Test Tournament"]
[Site "SchemingMind.com"]
[Date "2022.01.15"]
[Round "-"]
[White "*chessnut*"]
[Black "JPT"]
[Result "0-1"]
[WhiteCountry "FRA"]
[BlackCountry "INT"]
[WhiteElo "1216"]
[WhiteRD "130"]
[BlackElo "1706"]
[BlackRD "141"]
[GameID "719718"]

1. c4 e5 2. e3 e4 3. d4 d5 4. Nc3 Be6 5. g3 Bb4 6. Bd2 Nf6 7. b3 Kd7 8. Nxd5 Bxd2+ 9. Qxd2 Nxd5 10. cxd5 Bxd5
11. Bh3+ Ke7 12. Qb4+ Qd6 13. Qxd6+ Kxd6 14. Ne2 c5 15. Rd1 Nc6 16. f4 g5 17. Rd2 b6 18. Bg2 f5 19. Rb2 Nb4 20. Kd2 Rac8
21. Nc3 a6 22. h3 Nd3 23. Rbb1 b5 24. a3 b4 25. a4 bxc3+ 26. Kxc3 Bxb3
0-1

[Event "King of the Hill: King of the Hill Test Tournament"]
[Site "SchemingMind.com"]
[Date "2022.01.15"]
[Round "-"]
[White "Abstract Actuary"]
[Black "*chessnut*"]
[Result "1-0"]
[WhiteCountry "USA"]
[BlackCountry "FRA"]
[WhiteElo "1732"]
[WhiteRD "139"]
[BlackElo "1216"]
[BlackRD "130"]
[GameID "719719"]

1. e4 e5 2. Nf3 d6 3. d4 Nf6 4. dxe5 Nxe4 5. exd6 Bxd6 6. Bc4 h6 7. O-O b6 8. Re1 Bb7 9. Nc3 Qe7 10. Bd5 Bxd5
11. Qxd5 c6 12. Qxe4 Kd7 13. Qxe7+ Bxe7 14. Bf4 Na6 15. Rad1+ Kc8 16. Rxe7 Rf8 17. Kf1 Rd8 18. Ke2 Nc7 19. Rxc7+ Kb8 20. Rxd8#
1-0

[Event "King of the Hill: King of the Hill Test Tournament"]
[Site "SchemingMind.com"]
[Date "2022.01.15"]
[Round "-"]
[White "emakis"]
[Black "*chessnut*"]
[Result "1-0"]
[WhiteCountry "GRE"]
[BlackCountry "FRA"]
[WhiteElo "1743"]
[WhiteRD "152"]
[BlackElo "1216"]
[BlackRD "130"]
[GameID "719720"]

1. e4 e5 2. Nf3 Nc6 3. Bc4 Nf6 4. d3 Na5 5. Bb3 Nxb3 6. axb3 d5 7. exd5 Nxd5 8. O-O c6 9. Nxe5 Qc7 10. Re1 Be6
11. Nc3 Bd6 12. d4 Bxe5 13. Rxe5 Kd7 14. Nxd5 cxd5 15. Bf4 Qc6 16. Qe2 f6 17. Re3 Rae8 18. Rxa7 Qb6 19. Ra4 Re7 20. h3 Rhe8
21. Qf3 h6 22. Rc3 g5 23. Rc7+ Kd8 24. Ra8+ Bc8 25. Raxc8#
1-0

[Event "King of the Hill: King of the Hill Test Tournament"]
[Site "SchemingMind.com"]
[Date "2022.01.15"]
[Round "-"]
[White "*chessnut*"]
[Black "Diadoco"]
[Result "0-1"]
[WhiteCountry "FRA"]
[BlackCountry "MEX"]
[WhiteElo "1216"]
[WhiteRD "130"]
[BlackElo "1645"]
[BlackRD "140"]
[GameID "719721"]

1. e4 e5 2. Nf3 Nc6 3. c4 Bc5 4. d3 d6 5. a3 a5 6. Nc3 h6 7. Nb5 Nf6 8. Bd2 Nd4 9. Nfxd4 Bxd4 10. Rb1 c5
11. Nxd4 cxd4 12. h3 O-O 13. g4 Be6 14. g5 hxg5 15. Bxg5 a4 16. h4 Qa5+ 17. Bd2 Qc7 18. Rg1 Kh7 19. Bg5 Qa5+ 20. b4 axb3+
21. Bd2 Qxa3 22. Bg5 Qb4+ 23. Bd2 Qa4 24. Ke2 b5 25. f4 Bg4+ 26. Kf2 Bxd1 27. Rxd1 b2 28. Be2 bxc4 29. dxc4 Rfb8 30. Bd3 Qb3
31. Ke2 Ra3 32. Be3 dxe3 33. Kxe3 Rba8 34. fxe5 dxe5 35. Rg5 Qb6+ 36. Kf3 Rxd3+ 37. Rxd3 b1=Q 38. Rd2 Qf1+
0-1

[Event "King of the Hill: King of the Hill Test Tournament"]
[Site "SchemingMind.com"]
[Date "2022.01.16"]
[Round "-"]
[White "*chessnut*"]
[Black "David Perna-Fraser"]
[Result "0-1"]
[WhiteCountry "FRA"]
[BlackCountry "CAN"]
[WhiteElo "1216"]
[WhiteRD "130"]
[BlackElo "1760"]
[BlackRD "172"]
[GameID "719722"]

1. d3 e5 2. e4 d5 3. Qe2 Nc6 4. c3 Nf6 5. h3 d4 6. g3 Be6 7. f4 Bd6 8. b3 dxc3 9. a3 Nd4 10. Qf2 Nxb3
11. Ra2 Nxc1 12. Rc2 Nb3 13. Ke2 Nd4+ 14. Ke3 Nxc2+ 15. Qxc2 Bc5+ 16. Kf3 Qd4
0-1

[Event "King of the Hill: King of the Hill Test Tournament"]
[Site "SchemingMind.com"]
[Date "2022.01.18"]
[Round "-"]
[White "*chessnut*"]
[Black "DANDYLIONHONEYBADGER"]
[Result "0-1"]
[WhiteCountry "FRA"]
[BlackCountry "USA"]
[WhiteElo "1204"]
[WhiteRD "105"]
[BlackElo "1484"]
[BlackRD "128"]
[GameID "719723"]

1. d4 d5 2. g3 Nc6 3. Bg2 Nf6 4. Nc3 e5 5. dxe5 Nxe5 6. Nxd5 Nxd5 7. Bxd5 c6 8. Be4 Qxd1+ 9. Kxd1 Kd7 10. f4 Kd6
11. b3 f5 12. Ba3+ c5 13. c4 fxe4 14. Bb2 Ng4 15. Ke1 Ne3 16. Kf2 Nd5 17. Rd1 Be6 18. cxd5 Bf5 19. e3 Be7 20. Be5+ Kd7
21. Ne2 Bf6 22. Rhg1 Bxe5 23. fxe5 Rhe8 24. e6+ Kd6
0-1

[Event "King of the Hill: King of the Hill Test Tournament"]
[Site "SchemingMind.com"]
[Date "2022.01.15"]
[Round "-"]
[White "Thomas Jacob Kelly"]
[Black "*chessnut*"]
[Result "1-0"]
[WhiteCountry "USA"]
[BlackCountry "FRA"]
[WhiteElo "1732"]
[WhiteRD "146"]
[BlackElo "1216"]
[BlackRD "130"]
[GameID "719724"]

1. c4 e5 2. Nc3 Nf6 3. d4 Nc6 4. dxe5 Nxe5 5. e4 b6 6. f4 Nc6 7. g4 Bc5 8. Nh3 d6 9. g5 Bg4 10. Qa4 Bd7
11. gxf6 gxf6 12. Nf2 Nd4 13. Qd1 Bc6 14. Nd3 Qe7 15. Bg2 Rg8 16. Nxc5 dxc5 17. Bf3 Nxf3+ 18. Qxf3 f5 19. Nd5 Qxe4+ 20. Qxe4+ Kd8
21. Kf1 fxe4 22. Kf2 f5 23. b4 b5 24. bxc5 bxc4 25. Ke3
1-0

[Event "King of the Hill: King of the Hill Test Tournament"]
[Site "SchemingMind.com"]
[Date "2022.01.15"]
[Round "-"]
[White "Robert Hatfield"]
[Black "*chessnut*"]
[Result "0-1"]
[WhiteCountry "USA"]
[BlackCountry "FRA"]
[WhiteElo "1382"]
[WhiteRD "146"]
[BlackElo "1500"]
[BlackRD "255"]
[GameID "719725"]

1. e4 e5 2. Nf3 d6 3. d4 Nf6 4. Nc3 Bd7 5. Bc4 c6 6. dxe5 dxe5 7. Nxe5 Qe7 8. Nxf7 Rg8 9. O-O Be6 10. Bxe6 Qxe6
11. Qd8+ Kxf7 12. Bg5 Be7 13. Qc7 Rc8 14. Qf4 Nd7 15. Rfe1 Ne5 16. Rad1 h6 17. Bxf6 Bxf6 18. Ne2 Ng6
0-1

[Event "King of the Hill: King of the Hill Test Tournament"]
[Site "SchemingMind.com"]
[Date "2022.01.15"]
[Round "-"]
[White "geekknight"]
[Black "*chessnut*"]
[Result "1-0"]
[WhiteCountry "NED"]
[BlackCountry "FRA"]
[WhiteElo "1775"]
[WhiteRD "152"]
[BlackElo "1216"]
[BlackRD "130"]
[GameID "719726"]

1. d4 g6 2. e4 Bg7 3. Nf3 d6 4. Nc3 c6 5. Be2 h6 6. Be3 Qb6 7. Rb1 Nf6 8. h3 d5 9. e5 Ne4 10. Nxe4 dxe4
11. Nd2 Qa5 12. a3 f5 13. exf6 exf6 14. O-O f5 15. Nc4 Qd5 16. f3 g5 17. fxe4 fxe4 18. Bh5+ Ke7 19. Rf7+ Ke8 20. Rf5+ Ke7
21. Rxd5 cxd5 22. Ne5 Bxe5 23. dxe5 Ke6 24. Bd4 Nc6 25. Bg4+ Ke7 26. Bc5+ Kf7 27. Qxd5+ Kg7 28. Rf1
1-0

[Event "King of the Hill: King of the Hill Test Tournament"]
[Site "SchemingMind.com"]
[Date "2022.01.20"]
[Round "-"]
[White "j4orce"]
[Black "*chessnut*"]
[Result "1-0"]
[WhiteCountry "USA"]
[BlackCountry "FRA"]
[WhiteElo "1642"]
[WhiteRD "122"]
[BlackElo "1204"]
[BlackRD "105"]
[GameID "719727"]

1. e4 e5 2. Nf3 d6 3. Bc4 Nf6 4. d3 h6 5. Be3 c5 6. Nc3 a6 7. h3 Nc6 8. a3 Nd4 9. Kd2 Nxf3+ 10. Qxf3 Be6
11. b4 b6 12. g4 Qc8 13. d4 Bxc4 14. d5 g6 15. Qxf6 Rg8 16. f4 Be7 17. fxe5 Bxf6 18. exf6 Kd7 19. Bf4 g5 20. Bg3 Qb7
21. Ke3 Rge8 22. Rad1 Qa7 23. e5 Rxe5+ 24. Bxe5 Bxd5 25. Rxd5 Re8 26. Ke4
1-0

[Event "King of the Hill: King of the Hill Test Tournament"]
[Site "SchemingMind.com"]
[Date "2022.01.16"]
[Round "-"]
[White "*chessnut*"]
[Black "Arnold Jones"]
[Result "0-1"]
[WhiteCountry "FRA"]
[BlackCountry "ENG"]
[WhiteElo "1216"]
[WhiteRD "130"]
[BlackElo "1230"]
[BlackRD "136"]
[GameID "719728"]

1. d4 d5 2. e3 Nf6 3. Bd3 Nc6 4. Bd2 e5 5. Nf3 Bd6 6. Qe2 e4 7. Bb5 Bd7 8. a3 O-O 9. c4 dxc4 10. Qxc4 Be6
11. Qd3 exd3 12. Bxd3 Ne4 13. Bxe4 Bc4 14. d5 Ne5 15. Bc3 Nxf3+ 16. gxf3 f5 17. Bc2 Qd7 18. f4 Rae8 19. Rg1 Rf7 20. Rg5 Bxf4
21. Rh5 g6 22. Rh3 Qd6 23. Rf3 Bxd5 24. Rxf4 Qxf4 25. Bd4 Qxd4 26. Nc3 Qg4 27. Kd2 Bc4 28. Bd3 Rd7
0-1

[Event "King of the Hill: King of the Hill Test Tournament"]
[Site "SchemingMind.com"]
[Date "2022.01.18"]
[Round "-"]
[White "surfnsuds"]
[Black "Glenn O'Brien"]
[Result "1-0"]
[WhiteCountry "USA"]
[BlackCountry "AUS"]
[WhiteElo "1365"]
[WhiteRD "154"]
[BlackElo "1110"]
[BlackRD "132"]
[GameID "719777"]

1. d4 d5 2. e4 dxe4 3. Nc3 e5 4. Nxe4 Nf6 5. dxe5 Nxe4 6. Qf3 Ng5 7. Bxg5 Be7 8. Bxe7 Qxe7 9. Qg3 O-O 10. Nf3 f6
11. Ke2 fxe5 12. Nxe5 Qxe5+ 13. Qxe5 Nc6 14. Ke3 Nxe5 15. Ke4
1-0

[Event "King of the Hill: King of the Hill Test Tournament"]
[Site "SchemingMind.com"]
[Date "2022.01.18"]
[Round "-"]
[White "JPT"]
[Black "Glenn O'Brien"]
[Result "1-0"]
[WhiteCountry "INT"]
[BlackCountry "AUS"]
[WhiteElo "1546"]
[WhiteRD "158"]
[BlackElo "1333"]
[BlackRD "211"]
[GameID "719778"]

1. d4 d5 2. Nc3 Nf6 3. f3 Nc6 4. e4 e5 5. Ke2 Ke7 6. Bg5 h6 7. Bxf6+ gxf6 8. exd5 exd4 9. g4 Kd6 10. f4 Be7
11. Kd3 Ne5+ 12. Ke4
1-0

[Event "King of the Hill: King of the Hill Test Tournament"]
[Site "SchemingMind.com"]
[Date "2022.01.17"]
[Round "-"]
[White "Glenn O'Brien"]
[Black "Manfred Kraut"]
[Result "0-1"]
[WhiteCountry "AUS"]
[BlackCountry "GER"]
[WhiteElo "1110"]
[WhiteRD "132"]
[BlackElo "1252"]
[BlackRD "149"]
[GameID "719779"]

1. e3 e5 2. d4 e4 3. Nd2 d5 4. Ke2 Nf6 5. f3 exf3+ 6. gxf3 Bf5 7. e4 dxe4 8. fxe4 Nxe4 9. Nxe4 Qe7 10. Ke3 Qxe4+
11. Kd2 Qxh1 12. Ke3 Qe4+ 13. Kd2 Qxd4+ 14. Ke2 Bg4+ 15. Ke1 Qxd1+ 16. Kf2 Bc5+ 17. Be3 Qxa1 18. Bb5+ c6 19. Ba4 Qxb2 20. Nf3 Qf6
21. h3 Qxf3+ 22. Ke1 Qe2#
0-1

[Event "King of the Hill: King of the Hill Test Tournament"]
[Site "SchemingMind.com"]
[Date "2022.01.17"]
[Round "-"]
[White "Glenn O'Brien"]
[Black "Abstract Actuary"]
[Result "0-1"]
[WhiteCountry "AUS"]
[BlackCountry "USA"]
[WhiteElo "1110"]
[WhiteRD "132"]
[BlackElo "1732"]
[BlackRD "139"]
[GameID "719780"]

1. e3 e5 2. d4 exd4 3. exd4 d5 4. Nc3 Bb4 5. a3 Ba5 6. b4 Bb6 7. Bb5+ c6 8. Nf3 cxb5 9. O-O Ne7 10. Ne5 a6
11. f3 Nbc6 12. Nxc6 bxc6 13. Kf2 Bf5 14. Bg5 f6 15. Ke3 fxg5 16. Re1 Bc7 17. Ne4 Bf4+ 18. Kd3 Bxh2 19. g4 Bg6 20. c3 Kf7
21. f4 Bxf4 22. Rf1 dxe4+ 23. Ke2 Ke6 24. Rxf4 gxf4 25. Rc1 Qd5 26. Qf1 Qc4+ 27. Kf2 Kd5
0-1

[Event "King of the Hill: King of the Hill Test Tournament"]
[Site "SchemingMind.com"]
[Date "2022.01.17"]
[Round "-"]
[White "Glenn O'Brien"]
[Black "emakis"]
[Result "0-1"]
[WhiteCountry "AUS"]
[BlackCountry "GRE"]
[WhiteElo "1110"]
[WhiteRD "132"]
[BlackElo "1743"]
[BlackRD "152"]
[GameID "719781"]

1. e3 d5 2. d4 Nf6 3. Nf3 Bg4 4. h3 Bh5 5. g4 Bg6 6. Bb5+ c6 7. Ba4 Nbd7 8. Kd2 Ne4+ 9. Kd3 Nxf2+ 10. Kc3 Nxd1+
11. Kd2 Nf2 12. Rf1 Ne4+ 13. Kd3 Nec5+ 14. Kd2 Nxa4 15. c3 Qc7 16. Ne5 Nxe5 17. b3 Nb6 18. dxe5 Qxe5 19. c4 Qxa1 20. cxd5 Qxb1
21. Kc3 Qd3+ 22. Kb4 e5+ 23. Ka5 Qa6#
0-1

[Event "King of the Hill: King of the Hill Test Tournament"]
[Site "SchemingMind.com"]
[Date "2022.01.18"]
[Round "-"]
[White "Diadoco"]
[Black "Glenn O'Brien"]
[Result "1-0"]
[WhiteCountry "MEX"]
[BlackCountry "AUS"]
[WhiteElo "1835"]
[WhiteRD "211"]
[BlackElo "1333"]
[BlackRD "211"]
[GameID "719782"]

1. d4 d5 2. c4 dxc4 3. Nf3 Nc6 4. e3 Nf6 5. Bxc4 e5 6. Nxe5 Nxe5 7. dxe5 Nd7 8. e6 fxe6 9. Bxe6 Nb8 10. Qxd8+ Kxd8
11. Bxc8 Kxc8 12. Ke2 Kd7 13. Kd3 Ke6 14. Ke4
1-0

[Event "King of the Hill: King of the Hill Test Tournament"]
[Site "SchemingMind.com"]
[Date "2022.01.20"]
[Round "-"]
[White "David Perna-Fraser"]
[Black "Glenn O'Brien"]
[Result "1-0"]
[WhiteCountry "CAN"]
[BlackCountry "AUS"]
[WhiteElo "1760"]
[WhiteRD "172"]
[BlackElo "1110"]
[BlackRD "132"]
[GameID "719784"]

1. e4 e5 2. Nf3 Nc6 3. Bb5 a6 4. Ba4 Nf6 5. c3 b5 6. Bc2 Ke7 7. d4 exd4 8. cxd4 Ke6 9. d5+ Kd6 10. Bf4+ Ke7
11. dxc6 dxc6 12. Qxd8+ Ke6 13. Ng5#
1-0

[Event "King of the Hill: King of the Hill Test Tournament"]
[Site "SchemingMind.com"]
[Date "2022.01.20"]
[Round "-"]
[White "DANDYLIONHONEYBADGER"]
[Black "Glenn O'Brien"]
[Result "1-0"]
[WhiteCountry "USA"]
[BlackCountry "AUS"]
[WhiteElo "1534"]
[WhiteRD "193"]
[BlackElo "1110"]
[BlackRD "132"]
[GameID "719785"]

1. d4 d5 2. Nc3 Nf6 3. Bg5 h6 4. Bxf6 gxf6 5. e4 dxe4 6. Ke2 Kd7 7. Ke3 f5 8. Nxe4 Ke6 9. Bc4+ Kd7 10. d5 e6
11. Kd4
1-0

[Event "King of the Hill: King of the Hill Test Tournament"]
[Site "SchemingMind.com"]
[Date "2022.01.17"]
[Round "-"]
[White "Glenn O'Brien"]
[Black "Thomas Jacob Kelly"]
[Result "0-1"]
[WhiteCountry "AUS"]
[BlackCountry "USA"]
[WhiteElo "1110"]
[WhiteRD "132"]
[BlackElo "1732"]
[BlackRD "146"]
[GameID "719786"]

1. e3 c5 2. d4 b6 3. dxc5 bxc5 4. Ke2 Nf6 5. c4 e6 6. Kf3 Bb7+ 7. Kf4 Qc7+ 8. Kg5 Ne4+ 9. Kg4 h5+ 10. Kf3 Nc3+
11. e4 Nxd1 12. Nd2 g5 13. g4 Qf4+ 14. Ke2 Qxf2+ 15. Kd3 Nc6 16. Ngf3 Nb4#
0-1

[Event "King of the Hill: King of the Hill Test Tournament"]
[Site "SchemingMind.com"]
[Date "2022.01.17"]
[Round "-"]
[White "Glenn O'Brien"]
[Black "Robert Hatfield"]
[Result "0-1"]
[WhiteCountry "AUS"]
[BlackCountry "USA"]
[WhiteElo "1110"]
[WhiteRD "132"]
[BlackElo "1422"]
[BlackRD "142"]
[GameID "719787"]

1. e3 e5 2. d4 exd4 3. exd4 d5 4. Nc3 Nf6 5. Bg5 Be7 6. Bxf6 Bxf6 7. Bb5+ c6 8. Ba4 O-O 9. Nf3 b5 10. Bb3 a5
11. Ke2 Re8+ 12. Kd3 Bf5+ 13. Kd2 a4 14. Qe2 Rxe2+ 15. Kxe2 axb3 16. axb3 Qe7+ 17. Ne4 Qxe4+ 18. Kd2 Qxc2+ 19. Ke3 Qd3+ 20. Kf4 Qe4+
21. Kg3 Qg4#
0-1

[Event "King of the Hill: King of the Hill Test Tournament"]
[Site "SchemingMind.com"]
[Date "2022.01.17"]
[Round "-"]
[White "Glenn O'Brien"]
[Black "geekknight"]
[Result "0-1"]
[WhiteCountry "AUS"]
[BlackCountry "NED"]
[WhiteElo "1110"]
[WhiteRD "132"]
[BlackElo "1775"]
[BlackRD "152"]
[GameID "719788"]

1. e3 d5 2. d4 Nf6 3. Nf3 Bg4 4. h3 Bh5 5. g4 Bg6 6. Bb5+ c6 7. Ba4 Qa5+ 8. Bd2 Qxa4 9. b3 Qa6 10. Qe2 e6
11. e4 Nxe4 12. Qxa6 Nxa6 13. Bc1 Bd6 14. O-O Ke7 15. Kg2 h5 16. Nfd2 hxg4 17. Nxe4 Bxe4+ 18. Kg1 Rxh3 19. f3 gxf3 20. Rxf3 Rxf3
21. Nd2 Rc3 22. Kf2 Rxc2 23. Ke3 g5 24. Nxe4 Bf4+ 25. Kd3 Nb4#
0-1

[Event "King of the Hill: King of the Hill Test Tournament"]
[Site "SchemingMind.com"]
[Date "2022.01.22"]
[Round "-"]
[White "Glenn O'Brien"]
[Black "j4orce"]
[Result "0-1"]
[WhiteCountry "AUS"]
[BlackCountry "USA"]
[WhiteElo "1102"]
[WhiteRD "134"]
[BlackElo "1790"]
[BlackRD "169"]
[GameID "719789"]

1. e3 e5 2. e4 Nf6 3. Nf3 Nc6 4. Nc3 a6 5. Bc4 Bc5 6. O-O Ke7 7. d4 Bd6 8. dxe5 Bxe5 9. Nxe5 Nxe5 10. f3 Re8
11. Bf4 Nxc4 12. Kf2 Nh5 13. Ke2 Nxf4+ 14. Kf2 Ke6 15. g3 Ke5
0-1

[Event "King of the Hill: King of the Hill Test Tournament"]
[Site "SchemingMind.com"]
[Date "2022.01.18"]
[Round "-"]
[White "Arnold Jones"]
[Black "Glenn O'Brien"]
[Result "1-0"]
[WhiteCountry "ENG"]
[BlackCountry "AUS"]
[WhiteElo "1245"]
[WhiteRD "152"]
[BlackElo "1333"]
[BlackRD "211"]
[GameID "719790"]

1. d4 d5 2. Nf3 Nf6 3. c4 dxc4 4. Nc3 Nc6 5. e4 Kd7 6. Nb5 a6 7. d5 Na7 8. Ne5+ Ke8 9. Nc3 Nb5 10. Nxb5 c6
11. Nc3 b5 12. Qf3 Nxd5 13. Qxf7#
1-0